Helpers

Bibliographic Details
Main Author: Gaines,Keith
Format: Book
Published: Oxford : Heinemann Educational , 1996
Series:Storyworlds
Subjects:

MARC

LEADER 00000cam a2200000 7i4500
001 0000067971
005 20220105103856.0
008 161114
020 |a 04355090704 
090 0 0 |a EL   |b ENG 
100 1 |a Gaines,Keith 
245 1 0 |a Helpers   |c Keith Gaines;Jim Kavanagh 
260 |a Oxford :   |b Heinemann Educational ,   |c 1996 
300 |a 8pg. :   |b col.ill. 
490 1 |a Storyworlds 
500 |a Children age 4-6 years old (yellow) 
650 0 |a Children's stories, English 
999 |a 0001051547   |b Book   |c Children Collection   |e Cawangan Segamat